<?xml version="1.0" encoding="UTF-8"?>
<record
    xmlns:xsi="http://www.w3.org/2001/XMLSchema-instance"
    xsi:schemaLocation="http://www.loc.gov/MARC21/slim http://www.loc.gov/standards/marcxml/schema/MARC21slim.xsd"
    xmlns="http://www.loc.gov/MARC21/slim">

  <leader>00860nam a22002537a 4500</leader>
  <controlfield tag="003">AR-BeUNQ</controlfield>
  <controlfield tag="005">20220225124527.0</controlfield>
  <controlfield tag="008">180322b        xxu||||| |||| 00| 0 spa d</controlfield>
  <datafield tag="020" ind1=" " ind2=" ">
    <subfield code="a">9505346115</subfield>
  </datafield>
  <datafield tag="040" ind1=" " ind2=" ">
    <subfield code="a">AR-BeUNQ</subfield>
    <subfield code="b">spa</subfield>
    <subfield code="e">aacr</subfield>
  </datafield>
  <datafield tag="100" ind1=" " ind2=" ">
    <subfield code="a">Bustinza, Juan Antonio</subfield>
    <subfield code="d">1955</subfield>
  </datafield>
  <datafield tag="245" ind1=" " ind2=" ">
    <subfield code="a">Ciencia Sociales 9 :</subfield>
    <subfield code="b">Hisotria Geograf&#xED;a y Formaci&#xF3;n &#xC9;tica y ciudadana</subfield>
    <subfield code="c">Juan Antonio Bustinza</subfield>
  </datafield>
  <datafield tag="250" ind1=" " ind2=" ">
    <subfield code="a">4a. ed.</subfield>
  </datafield>
  <datafield tag="260" ind1=" " ind2=" ">
    <subfield code="a">Buenos Aires :</subfield>
    <subfield code="b">AZ;</subfield>
    <subfield code="c">2004</subfield>
  </datafield>
  <datafield tag="300" ind1=" " ind2=" ">
    <subfield code="a">373 p.;</subfield>
    <subfield code="b">il.;</subfield>
    <subfield code="c">27 cm.</subfield>
  </datafield>
  <datafield tag="440" ind1=" " ind2=" ">
    <subfield code="a">Ciencias Sociales 9</subfield>
  </datafield>
  <datafield tag="490" ind1=" " ind2=" ">
    <subfield code="a">Serie Integrar</subfield>
  </datafield>
  <datafield tag="505" ind1=" " ind2=" ">
    <subfield code="a">Banco de Actividades.</subfield>
    <subfield code="g">Documentos y secciones de revistas</subfield>
  </datafield>
  <datafield tag="600" ind1=" " ind2="9">
    <subfield code="a">Juan Antonio Bustinza</subfield>
  </datafield>
  <datafield tag="650" ind1=" " ind2="9">
    <subfield code="a">Historia Mundial, Ggeografia Argentina, Pol&#xED;tica</subfield>
    <subfield code="2">tell</subfield>
  </datafield>
  <datafield tag="700" ind1=" " ind2=" ">
    <subfield code="a">Patricia Bustinza</subfield>
    <subfield code="c">coaut</subfield>
  </datafield>
  <datafield tag="929" ind1=" " ind2=" ">
    <subfield code="a">DONACION</subfield>
    <subfield code="b">EES 15</subfield>
    <subfield code="d">0</subfield>
    <subfield code="e">20182302</subfield>
    <subfield code="j">56592</subfield>
  </datafield>
  <datafield tag="942" ind1=" " ind2=" ">
    <subfield code="c">LIB</subfield>
    <subfield code="n">0</subfield>
  </datafield>
  <datafield tag="999" ind1=" " ind2=" ">
    <subfield code="c">170</subfield>
    <subfield code="d">170</subfield>
  </datafield>
  <datafield tag="952" ind1=" " ind2=" ">
    <subfield code="0">0</subfield>
    <subfield code="1">0</subfield>
    <subfield code="a">BIBESET</subfield>
    <subfield code="b">BIBESET</subfield>
    <subfield code="c">circulacion</subfield>
    <subfield code="d">2018-03-22</subfield>
    <subfield code="l">0</subfield>
    <subfield code="o">982 BUS</subfield>
    <subfield code="p">56592</subfield>
    <subfield code="r">2018-03-22</subfield>
    <subfield code="t">1</subfield>
    <subfield code="w">2018-03-22</subfield>
    <subfield code="y">LIB</subfield>
    <subfield code="k">GA</subfield>
  </datafield>
</record>
